| 000 | 00382nam a2200145Ia 4500 | ||
|---|---|---|---|
| 008 | 230917s9999||||xx |||||||||||||| ||und|| | ||
| 040 |
_e607 _aMAIN |
||
| 041 | _aEnglish | ||
| 082 | _a616.89 L144D | ||
| 100 | _aLaing, R D | ||
| 245 | 4 | _aThe divided self: An existential study in sanity and madness | |
| 260 |
_aMiddlesex _bPenguin Books _c1976 |
||
| 300 | _a218 p. | ||
| 942 | _cBK | ||
| 999 |
_c175808 _d175808 |
||